Die größten Städte pro Bundesland - Buchstabe F - Statistiken

Allgemein
  • Dieses Quiz wurde 327 mal gespielt
  • Das Durchschnittsergebnis liegt bei 9 aus 38
Antwortstatistiken
Bundesland Einwohnerzahl Stadt % Korrekt
Sachsen 39.721 Freiberg
94%
Hessen 759.224 Frankfurt (Main)
92%
Brandenburg 56.679 Frankfurt (Oder)
92%
Schleswig-Holstein 91.113 Flensburg
72%
Bayern 129.122 Fürth
68%
Hessen 68.462 Fulda
61%
Baden-Württemberg 61.561 Friedrichshafen
48%
Baden-Württemberg 231.848 Freiburg (Breisgau)
42%
Bayern 48.582 Freising
38%
Rheinland-Pfalz 48.773 Frankenthal (Pfalz)
36%
Nordrhein-Westfalen 52.155 Frechen
30%
Sachsen 39.316 Freital
26%
Baden-Württemberg 45.814 Filderstadt
23%
Bayern 37.063 Fürstenfeldbruck
23%
Brandenburg 32.120 Fürstenwalde (Spree)
22%
Hessen 29.674 Friedberg (Hessen)
21%
Brandenburg 44.280 Falkensee
16%
Sachsen 13.724 Frankenberg (Sachsen)
8%
Schleswig-Holstein 12.971 Fehmarn
6%
Sachsen-Anhalt 5.166 Falkenstein (Harz)
5%
Nordrhein-Westfalen 17.677 Freudenberg
5%
Sachsen-Anhalt 4.563 Freyburg (Unstrut)
5%
Niedersachsen 22.612 Friesoythe
5%
Mecklenburg-Vorpommern 4.452 Feldberger Seenlandschaft
4%
Rheinland-Pfalz 3.037 Föhren
4%
Mecklenburg-Vorpommern 6.423 Friedland
4%
Niedersachsen 14.050 Friedland
4%
Thüringen 5.886 Floh-Seligenthal
3%
Rheinland-Pfalz 4.898 Freinsheim
3%
Saarland 7.789 Freisen
3%
Thüringen 7.115 Friedrichroda
3%
Nordrhein-Westfalen 20.436 Fröndenberg (Ruhr)
3%
Saarland 9.955 Friedrichsthal
2%
Niedersachsen 10.269 Friedeburg
1%
Mecklenburg-Vorpommern 2.642 Ferdinandshof
0%
Sachsen-Anhalt 2.812 Flechtingen
0%
Schleswig-Holstein 7.334 Flintbek
0%
Thüringen 8.498 Föritztal
0%
Keine übereinstimmenden Quizze gefunden
Verteilung der Resultate
Anzahl Personen mit jedem Resultat
Perzentil nach korrekt beantworteten Fragen
Ihre Resultats-Entwicklung
Sie haben dieses Quiz noch nicht gespielt